Riconosci il Pokémon - Quiz n°920 - Statistics

Statistiche generali
  • Questo quiz è stato fatto 3 volte
  • Il punteggio medio è 6 su 10
Statistiche sulle risposte
Indizio Risposta % Corretto
Tipo Folletto
100%
Stadio evoluzione Forma Baby
100%
Generazione Seconda
100%
Altezza 0,3 m
67%
Sesso 87.5% ♂, 12.5% ♀
67%
Abilità Tuttafretta; Leggiadro; Supersorte
67%
Peso 1,5 kg
33%
Tasso di cattura 190 (35.2%)
33%
Pokémon Togepi
33%
Tasso di allevamento Veloce
33%
Nessun quiz corrispondente trovato
Distribuzione punteggi
Percentuale di utenti per punteggio
Percentile per numero di risposta
I tuoi punteggi nel tempo
Non hai fatto questo quiz